Pulp and Paper Chemistry and Technology Vol. 3: Paper Chemistry and Technology

Guardado en:
Detalles Bibliográficos
Otros Autores: Ek, Monica (Editor), Gellerstedt, Göran (Editor), Henriksson, Gunnar (Editor)
Formato: Libro
Lenguaje:inglés
Publicado: Berlin de Gruyter 2009
Materias:
Acceso en línea:Ver en el OPAC
Etiquetas: Agregar Etiqueta
Sin Etiquetas, Sea el primero en etiquetar este registro!

MARC

LEADER 00000nam a2200000 a 4500
005 20260127134049.0
008 100224 2009 gw 000 0 eng d
020 |a 9783110213430 
035 |a vtls010068545 
039 9 |y 201002241112  |z mschk03 
040 |a STUSCHK1  |b slo  |c STUSCHK1  |e AACR2 
080 |a 676 
245 1 |a Pulp and Paper Chemistry and Technology  |n Vol. 3: Paper Chemistry and Technology  |c Monica Ek, Göran Gellerstedt, Gunnar Henriksson Eds. 
260 |a Berlin  |b de Gruyter  |c 2009 
300 |a 396 s.  |b ill.  |c 24,5 cm 
650 0 |a Papierherstellung 
700 1 |a Ek, Monica  |4 edt 
700 1 |a Gellerstedt, Göran  |4 edt 
700 1 |a Henriksson, Gunnar  |4 edt 
910 |a SCHK95 
919 |a 978-3-11-021343-0 
999 |c 3251  |d 3251